Most Well-known Table Tennis Players - Statistics

General Stats
  • This quiz has been taken 60 times
  • The average score is 13 of 34
Answer Stats
Answer % Correct
Ma Long China m
92%
Timo Boll Germany m
82%
Dimitrij Ovtcharov Germany m
69%
Jan-Ove Waldner Sweden m
69%
Fan Zhendong China m
67%
Li Xiaoxia China f
63%
Ma Lin China m
61%
Vladimir Samsonov Belarus m
55%
Xu Xin China m
55%
Zhang Jike China m
55%
Chen Meng China f
49%
Wang Hao China m
49%
Jun Mizutani Japan m
47%
Koki Niwa Japan m
47%
Liu Shiwen China f
43%
Werner Schlager Austria m
43%
Ding Ning China f
35%
Michael Maze Denmark m
33%
Jean-Philippe Gatien France m
31%
Jörgen Persson Sweden m
31%
Ryu Seung-min South Korea m
31%
Kong Linghui China m
29%
Zoran Primorac Croatia m
29%
Wang Liqin China m
27%
Joo Sae-hyuk South Korea m
24%
Jörg Roßkopf Germany m
18%
Mima Ito Japan f
18%
Guo Yue China f
16%
Jean-Michel Saive Belgium m
16%
Yoo Nam-kyu South Korea m
14%
Deng Yaping China f
8%
Wang Nan China f
6%
Zhang Yining China f
4%
Natalia Partyka Poland f
0%
No matching quizzes found
Score Distribution
Percent of People with Each Score
Percentile by Number Answered
Your Score History
You have not taken this quiz